000 00233nam a22000977a 4500
008 160518b xxu||||| |||| 00| 0 eng d
041 _aeng
080 _a61
245 _aGuide to antimicrobial therapy:
_cSanford Guide;
942 _2udc
_cBK
999 _c2197
_d2197